Curso de especialización en cultivos hortícolas.

Guardado en:
Autores Corporativos: Curso de especialización en cultivos hortícolas Cinco Saltos), Río Negro (Provincia). Ministerio de Recursos Naturales., Universidad Nacional del Comahue. Facultad de Ciencias Agrarias.
Otros Autores: Aljaro, A., Cebolla., Krarup, A., Espárrago.
Formato: Libro
Idioma:Undetermined
Publicado: Cinco Saltos, Río Negro : Universidad Nacional del Comahue, 1991.
Materias:
Etiquetas: Agregar Etiqueta
Sin Etiquetas, Sea el primero en etiquetar este registro!
LEADER 01186nam a22002655a 4500
001 EEA.libagro011034
005 20181023114611.0
008 181023s1991####xx#a##########100#0#und#d
111 2 |a Curso de especialización en cultivos hortícolas  |n (1 :  |d 8 al 11 de julio de 1991 :  |c Cinco Saltos) 
245 1 0 |a Curso de especialización en cultivos hortícolas. 
260 |a Cinco Saltos, Río Negro :  |b Universidad Nacional del Comahue,  |c 1991. 
300 |a v. :  |b il. ;  |c 28 cm. 
505 0 |a Documento nº 1: Cebolla / A. Aljaro -- Documento nº 2: Espárrago / A. Krarup 
650 7 |a Horticultura  |2 agrovoc 
650 7 |a Hortalizas  |2 agrovoc 
650 7 |a Cultivo de hortalizas  |2 agrovoc 
650 7 |a Allium cepa  |2 agrovoc 
650 7 |a Asparagus  |2 agrovoc 
651 7 |a Río Negro (Argentina)  |2 agrovoc 
700 1 |a Aljaro, A.,  |c Cebolla. 
700 1 |a Krarup, A.,  |c Espárrago. 
710 2 |a Río Negro (Provincia).  |b Ministerio de Recursos Naturales. 
710 2 |a Universidad Nacional del Comahue.  |b Facultad de Ciencias Agrarias. 
859 |a AR-BbBCA  |b BIB. AGRONOMIA  |h 635.07  |i C977 1 1991  |p 1994/2099  |3 Documento 1 
859 |a AR-BbBCA  |b BIB. AGRONOMIA  |h 635.07  |i C977 1 1991  |p 1994/2100  |3 Documento 2